Psychická záťaž na pracovisku

Psychická pohoda zamestnancov. 3 formy psychickej záťaže. Hodnotenie psychickej pracovnej záťaže. Ochrana zdravia pred psychickou záťažou. Diskriminácia zamestnancov.

Gespeichert in:
Bibliographische Detailangaben
1. Verfasser: Bedlovičová, Danica
Format: Buchkapitel
Sprache:Slowakisch
Schlagworte:
Tags: Tag hinzufügen
Keine Tags, Fügen Sie das erste Tag hinzu!

MARC

LEADER 00000naa$a2200000$$$4500
001 0106352
005 20231120111815.1
041 0 |a slo 
044 |a SK 
245 1 0 |a Psychická záťaž na pracovisku  |c Danica Bedlovičová 
520 |a Psychická pohoda zamestnancov. 3 formy psychickej záťaže. Hodnotenie psychickej pracovnej záťaže. Ochrana zdravia pred psychickou záťažou. Diskriminácia zamestnancov. 
610 2 0 |a zaťaženie pracovné 
610 2 0 |a psychológia práce 
610 2 0 |a opatrenia 
610 2 0 |a ochrana zdravia 
100 1 |a Bedlovičová, Danica